MARC details
| 000 -CABECERA |
| campo de control de longitud fija |
01190nam a2200277 a 4500 |
| 001 - NÚMERO DE CONTROL |
| campo de control |
000040997 |
| 005 - FECHA Y HORA DE LA ÚLTIMA TRANSACCIÓN |
| campo de control |
20201002034534.0 |
| 008 - DATOS DE LONGITUD FIJA--INFORMACIÓN GENERAL |
| campo de control de longitud fija |
130912s2014 dr r 000 0 spa d |
| 020 ## - NÚMERO INTERNACIONAL ESTÁNDAR DEL LIBRO |
| Número Internacional Estándar del Libro |
9789945443622 |
| 040 ## - FUENTE DE LA CATALOGACIÓN |
| Centro catalogador/agencia de origen |
DO-SdBNP |
| Lengua de catalogación |
spa |
| Centro/agencia transcriptor |
BNPHU |
| 082 ## - NÚMERO DE LA CLASIFICACIÓN DECIMAL DEWEY |
| Número de clasificación |
xxxx |
| Número de documento/Ítem |
xxxx |
| 100 1# - ENTRADA PRINCIPAL--NOMBRE DE PERSONA |
| Nombre de persona |
Ossers, Manuel A. |
| 9 (RLIN) |
67429 |
| 245 10 - MENCIÓN DE TÍTULO |
| Título |
Estudios literarios dominicanos / |
| Mención de responsabilidad, etc. |
Manuel A. Ossers; prefacio Heather Dubnick; prólogo Nelia Olivencia; traducción Alicia de Gregorio. |
| 260 ## - PUBLICACIÓN, DISTRIBUCIÓN, ETC. |
| Lugar de publicación, distribución, etc. |
Santo Domingo : |
| Nombre del editor, distribuidor, etc. |
Banco Central de la República Dominicana, |
| Fecha de publicación, distribución, etc. |
2014. |
| 300 ## - DESCRIPCIÓN FÍSICA |
| Extensión |
xxxvi, 213 p. ; |
| Dimensiones |
23 cm. |
| 490 1# - MENCIÓN DE SERIE |
| Mención de serie |
Banco Central de la República Dominicana |
| -- |
Arte y literatura |
| Designación de volumen o secuencia |
199 |
| -- |
67 |
| 500 ## - NOTA GENERAL |
| Nota general |
Incluye datos biografícos del autor en las solapas. |
| 500 ## - NOTA GENERAL |
| Nota general |
Incluye referencias bibliográficas y notas al pie de las páginas |
| 500 ## - NOTA GENERAL |
| Nota general |
El prefacio y el prólogo estan en ingles y español |
| 500 ## - NOTA GENERAL |
| Nota general |
Incluye índice |
| 504 ## - NOTA DE BIBLIOGRAFÍA, ETC. |
| Nota de bibliografía, etc. |
Bibliografía : p. 183-188 |
| 700 12 - PUNTO DE ACCESO ADICIONAL--NOMBRE DE PERSONA |
| Nombre de persona |
Olivencia, Nelia, |
| Término indicativo de función/relación |
prol. |
| 9 (RLIN) |
67430 |
| 700 12 - PUNTO DE ACCESO ADICIONAL--NOMBRE DE PERSONA |
| Nombre de persona |
Gregorio, Alicia de, |
| Término indicativo de función/relación |
tr. |
| 9 (RLIN) |
67431 |
| 700 12 - PUNTO DE ACCESO ADICIONAL--NOMBRE DE PERSONA |
| Nombre de persona |
Dubnick, Heather, |
| Término indicativo de función/relación |
pref. |
| 9 (RLIN) |
67432 |
| 830 #0 - PUNTO DE ACCESO ADICIONAL DE SERIE-TÍTULO UNIFORME |
| Título uniforme |
Banco Central de la República Dominicana |
| Nombre de parte o sección de la obra |
Arte y literatura |
| Número de parte o sección de la obra |
199 |
| -- |
67 |
| 9 (RLIN) |
67433 |